01467cam a2200313 a 4500001000800000005001700008008004100025010001700066020001500083040001800098041001300116050002300129082002100152130011600173245019700289260019100486300003600677504006600713630006400779650002200843650004200865650004700907700002100954700001800975700002700993700002301020710004601043730006401089101365220170105102930.0871030s1987 sz a b i001 0 eng  a 87201015  a9024734606 aDLCcDLCdDLC1 aenghfre00aKZ6464.3b.Z4 1987 a341.67bCOM 19870 aCommentaire des protocoles additionnels du 8 juin 1977 aux conventions de Genève du 12 août 1949.lEnglish.00aCommentary on the additional protocols of 8 June 1977 to the Geneva Conventions of 12 August 1949 /cClaude Pilloud ... [et al.] ; editors, Yves Sandoz, Christophe Swinarski, Bruno Zimmermann. aGeneva :bInternational Committee of the Red Cross :bMartinus Nijhoff Publishers ;aNorwell, MA, USA :bDistributors for the United States and Canada, Kluwer Academic Publishers,c1987. axxxv, 1625 p. :bill. ;c25 cm. aIncludes bibliographical references (p. 1581-1596) and index.00aGeneva Conventionsd(1949).kProtocols, etc.,d1977 June 8. 0aHumanitarian law. 0aWar victimsxLegal status, laws, etc. 0aPrisoners of warxLegal status, laws, etc.1 aPilloud, Claude.1 aSandoz, Yves.1 aSwinarski, Christophe.1 aZimmermann, Bruno.2 aInternational Committee of the Red Cross.02aGeneva Conventionsd(1949).kProtocols, etc.,d1977 June 8.